3i Iman, Islam, Ihsan /

Bibliographic Details
Main Author: Sakinah, Salleh, 1971-
Format: Book
Published: Batu Caves, Selangor: PTS Millenia Sdn. Bhd, 2011.
Subjects:
LEADER 00500cam a2200181 7i4500
001 0000039390
005 20151104090000.0
005 ##20151104150500.0
003 ##MY-KlINT
020 # # |a 9789670142012  
039 # 9 |y 201511041505  |z VLOAD 
090 0 0 |a 297.2   |b SAK 
100 1 # |a Sakinah, Salleh,   |d 1971- 
245 0 0 |a 3i Iman, Islam, Ihsan /   |c Sakinah Salleh. 
260 # # |a Batu Caves, Selangor:   |b PTS Millenia Sdn. Bhd,   |c 2011. 
300 # # |a xi,131m.s;   |c 23cm. 
650 # 0 |a Islam --   |x Doctrines  
650 # 0 |a Faith(Islam)